Food hygiene, microbiology and HACCP (Record no. 17763)
[ view plain ]
| 000 -LEADER | |
|---|---|
| fixed length control field | 00572nam a22001937a 4500 |
| 008 - FIXED-LENGTH DATA ELEMENTS--GENERAL INFORMATION | |
| fixed length control field | 190624b xxu||||| |||| 00| 0 eng d |
| 040 ## - CATALOGING SOURCE | |
| Original cataloging agency | KABU |
| Transcribing agency | KABU |
| 050 ## - LIBRARY OF CONGRESS CALL NUMBER | |
| Classification number | TX537 |
| Item number | .F67 1998 c. 1 |
| 100 ## - MAIN ENTRY--PERSONAL NAME | |
| Personal name | Forsythe, S.J. |
| 245 ## - TITLE STATEMENT | |
| Title | Food hygiene, microbiology and HACCP |
| Statement of responsibility, etc. | S.J. Forsythe and P.R. Hayes |
| 260 ## - PUBLICATION, DISTRIBUTION, ETC. (IMPRINT) | |
| Place of publication, distribution, etc. | UK |
| Name of publisher, distributor, etc. | Springer |
| Date of publication, distribution, etc. | 1998 |
| 300 ## - PHYSICAL DESCRIPTION | |
| Extent | xviii, 449 p. |
| 650 ## - SUBJECT ADDED ENTRY--TOPICAL TERM | |
| Topical term or geographic name as entry element | Food handling |
| 650 ## - SUBJECT ADDED ENTRY--TOPICAL TERM | |
| Topical term or geographic name as entry element | Food service |
| General subdivision | Sanitation |
| 650 ## - SUBJECT ADDED ENTRY--TOPICAL TERM | |
| Topical term or geographic name as entry element | Food |
| General subdivision | Microbiology |
| 650 ## - SUBJECT ADDED ENTRY--TOPICAL TERM | |
| Topical term or geographic name as entry element | Food service |
| General subdivision | Safety measures |
| 700 ## - ADDED ENTRY--PERSONAL NAME | |
| Personal name | Hayes, P.R. |
| 942 ## - ADDED ENTRY ELEMENTS (KOHA) | |
| Source of classification or shelving scheme | Library of Congress Classification |
| Koha item type | General Collection |
| Classification part | TX537 |
| Withdrawn status | Lost status | Source of classification or shelving scheme | Not for loan | Home library | Current library | Date acquired | Cost, normal purchase price | Total Checkouts | Full call number | Barcode | Date last seen | Copy number | Price effective from | Koha item type | Date last checked out |
|---|---|---|---|---|---|---|---|---|---|---|---|---|---|---|---|
| Library of Congress Classification | Kabarak, Main Campus | Kabarak, Main Campus | 24/06/2019 | 6151.36 | TX537 .F67 1998 c. 1 | 023421 | 24/06/2019 | c. 1 | 24/06/2019 | General Collection | |||||
| Library of Congress Classification | Kabarak, Main Campus | Kabarak, Main Campus | 24/06/2019 | 6151.36 | 1 | TX537 .F67 1998 c. 2 | 023422 | 27/11/2025 | c. 2 | 24/06/2019 | General Collection | 20/11/2025 | |||
| Library of Congress Classification | Kabarak, Main Campus | Kabarak, Main Campus | 24/06/2019 | 6151.36 | TX537 .F67 1998 c. 3 | 023423 | 24/06/2019 | c. 3 | 24/06/2019 | General Collection |